|
|
|
|
| LEADER |
01545cam a2200361 a 4500 |
| 001 |
c000406708 |
| 003 |
CARM |
| 005 |
20200923155924.0 |
| 008 |
200923s2000 nz ae b 000 0 eng |
| 019 |
1 |
|
|a 21433434
|5 LACONCORD2021
|
| 020 |
|
|
|a 095821610X (spiral binding) :
|c $20.00
|
| 035 |
|
|
|a (OCoLC)154666669
|5 LACONCORD2021
|
| 040 |
|
|
|a NZNB
|b eng
|c NZNB
|
| 043 |
|
|
|a u-nz---
|
| 082 |
0 |
4 |
|a 690.240993
|2 21
|
| 100 |
1 |
|
|a Harper, John.
|
| 245 |
1 |
0 |
|a Solutions to 20 common building problems.
|
| 246 |
3 |
|
|a Solutions to twenty common building problems
|
| 260 |
|
|
|a Porirua City, N.Z. :
|b BRANZ,
|c 2000.
|
| 300 |
|
|
|a 56 p. :
|b ill. (some col.), plans (some col.) ;
|c 30 cm.
|
| 500 |
|
|
|a "Writer, John Harper ; editor, Margaret Mortlock ; design and layout, Pip Thomson, Pene Grant-Taylor"--P. 3.
|
| 500 |
|
|
|a "Problems, investigation, cause, cure, prevention"--Cover.
|
| 500 |
|
|
|a "January 2000."
|
| 504 |
|
|
|a Includes bibliographical references.
|
| 650 |
|
0 |
|a Buildings
|x Maintenance
|z New Zealand.
|
| 650 |
|
0 |
|a Buildings
|z New Zealand
|x Repair and reconstruction.
|
| 710 |
2 |
|
|a Building Research Association of New Zealand.
|
| 852 |
8 |
|
|b CARM
|i F11016
|p 0656605
|f BK
|
| 852 |
8 |
|
|b SCAN
|h A3:AJ37B0
|i F11016
|p 0656605
|f BK
|
| 852 |
8 |
|
|b SCAN
|h A3:AJ37B0
|i F11016
|p 0656605
|f BK
|
| 999 |
f |
f |
|i 0018316c-3d9d-569d-b121-a6aa7c497bfc
|s ebbd2c3c-1fdb-54af-8476-24b5056af5bf
|
| 952 |
f |
f |
|p Can circulate
|a CAVAL
|b CAVAL
|c CAVAL
|d CARM 1 Store
|e F11016
|h Other scheme
|i book
|m 0656605
|
| 952 |
f |
f |
|a CAVAL
|b CAVAL
|c CAVAL
|d Unmapped Location
|e F11016
|f A3:AJ37B0
|h Other scheme
|